Normal view
MARC view
- Acoounting.
Entry Topical Term
001 - CONTROL NUMBER
- control field: 45548
003 - CONTROL NUMBER IDENTIFIER
- control field: OSt
005 - DATE AND TIME OF LATEST TRANSACTION
- control field: 20220609090943.0
008 - FIXED-LENGTH DATA ELEMENTS
- fixed length control field: 220609|| aca||aabn | a|a d
040 ## - CATALOGING SOURCE
- Original cataloging agency: OSt
- Transcribing agency: OSt
150 ## - HEADING--TOPICAL TERM
- Topical term or geographic name entry element: Acoounting.
670 ## - SOURCE DATA FOUND
- Source citation: Work cat.: (OSt): Jones, Ambrose, III. 45547, Corporate social responsibility reporting:, 2011.
